| 000 | 00855nam a22002297a 4500 | ||
|---|---|---|---|
| 999 |
_c64352 _d64352 |
||
| 005 | 20240530110727.0 | ||
| 008 | 180321s2016 ua a g b 000 0 ara d | ||
| 017 |
_a2016/1568 _bمصر. دار الكتب |
||
| 020 | _a9789776469235 | ||
| 040 | _aEG-CaGPL | ||
| 082 | 0 | 4 |
_221 _a150.287 / _bم م |
| 100 | 0 | _aمجدي محمد الدسوقي | |
| 245 | 1 | 0 |
_aمقياس اللامبالاة الانفعالية / _cمجدي محمد الدسوقي |
| 260 |
_aالقاهرة : _bدار العلوم للنشر والتوزيع ، _c2016. |
||
| 300 |
_a79 ص. : _bجداول ؛ _c24 سم. |
||
| 504 | _aيشتمل على ارجاعات ببليوجرافية | ||
| 650 | 0 | 7 | _aاللامبالاة |
| 650 | 0 | 7 | _aالإضطرابات النفسية |
| 650 | 0 | 7 | _aالإنفعالات |
| 942 |
_2ddc _cBK |
||